My OCs 5/22/25 - Statistics

General Stats
  • This quiz has been taken 2 times
  • The average score is 3 of 292
Answer Stats
Answer % Correct
D-17
100%
Alesso Diamond
50%
Evelyn Diamond
50%
Mary Diamond
50%
Willow Diamond
50%
Ace Akinov
0%
Adam Gardener
0%
Adamiel Liones
0%
Adrian Blake
0%
Adrienne Rousseau
0%
Ailah Love
0%
Alamy Chambers
0%
Albany Haight
0%
Alec Lundqvst
0%
Alessandro Valentine
0%
Alexandria Grimoire
0%
Alice Gears
0%
Alina Montgomery
0%
Alley (previously Ophelia Nazari)
0%
Alliches van Niels
0%
Alma Stronghold
0%
Aluine Stave
0%
Amaryllis Trench
0%
Amber Smith
0%
Amber Solei
0%
Ambrose Argent
0%
Andrius Jennings
0%
Anemone "Annie" Solei
0%
Angeline Stave
0%
Angel MacNamera
0%
Anton Rousseau
0%
Aria Archilis
0%
Arnza Valentine
0%
Arthur Ventura
0%
Ascaria Libido
0%
Ashley Akinov
0%
Ashlyn Rousseau
0%
Asmodeus-Samuel LeMonte
0%
Astella van Niels
0%
Aster Evans
0%
Astraea Archilis
0%
Astrid Sinthenaste
0%
Atcher Rousseau
0%
Atlas Rivers
0%
Atticus Pulsar
0%
Audrey Solei
0%
August Haven
0%
Aurora Rosseau
0%
Aurus Seer
0%
Avian Meryre
0%
Azazel-Sarrath LeMonte
0%
Azoth Novotny
0%
Azure Farrow
0%
Belladonna Morte
0%
Bellamy Morte
0%
Bellamyth Stave
0%
Blanche Rousseau
0%
Borealis Esther
0%
Brii Farrow
0%
Carmine Trench
0%
Casandra Himmelle
0%
Castella Whelmes
0%
Catrina Corat
0%
Catry Unas
0%
Celeste Stave
0%
Charlie Corat
0%
Charlotte Killigan
0%
Cherry
0%
Christian Whelmes
0%
Cleo Meryre
0%
Cloud Lucero
0%
Clover Mallory
0%
Connor Gears
0%
Cora Solei
0%
Crescendo "Chris" Octave
0%
Crius Archilis
0%
Cronos Stave
0%
Cyanne Adler
0%
Cyril Ceorce
0%
Dahlia Farrow
0%
Darien "Dagger" Stave
0%
Daryl Sinthenaste
0%
David Vaniels
0%
Davy Blake
0%
Dawn Umbra
0%
Day "Arden" Umbra
0%
Delta Solei "Hailie Stronghold"
0%
Dianos "Selene" Luminia
0%
Diminuendo "Dime" Octave
0%
Dina Hartford
0%
Dorian Meryre
0%
Dressa Heidrich
0%
Dusk Umbra
0%
Echo Solei
0%
Ekaterina Novotny
0%
Elaine Briar
0%
Elian Trench
0%
Elias van Niels
0%
Elijah Apollus
0%
Elizabeth Reaper
0%
Ella Geyser
0%
Elo "Alyth" "Lennie" "Core" Surname
0%
Elric van Niels
0%
Emilie Steele
0%
Emmanoelle Killigan
0%
Eraphim Luminia
0%
Erin Ackerman
0%
Erin Stave
0%
Eva Argent
0%
Evanesia Wildflower
0%
Ev Myers
0%
Ezekiel de Ynox
0%
Ezekiel van Niels
0%
Ezra Killigan
0%
F1NN
0%
F-28
0%
Felix Rousseau
0%
Filosophia Meryre
0%
Florence Sinthenaste
0%
Flo Sinthenaste
0%
Francis Rosedottir
0%
Gabrielle Trench
0%
Gabriel Trench
0%
Gaia Archilis
0%
Galina "Gale" Trench
0%
Garreth Trench
0%
Garrett Trench
0%
Gavin Trench
0%
Genevieve Lux
0%
George Trench
0%
Gianna Trench
0%
Gildon Ackerman
0%
Gina "Gigi" Trench
0%
Graham Trench
0%
Harmony Meryre
0%
Henry Rousseau
0%
Ilgot Rhys
0%
Imogen Killigan
0%
Insidion Archilis
0%
Iodina Ackerman
0%
Isabelle Farrow
0%
Jamie Ray Blake
0%
Jane van Niels
0%
Jasper Quartz
0%
Jax Chandler
0%
Jayce Lee-Tsai
0%
Jem Halllucin
0%
Judith van Niels
0%
Julia Haven
0%
Julian Virgil (previously Jean Salvatori)
0%
Kai Solei
0%
Kiko Makina
0%
Kitty Ballott
0%
K Nevermind
0%
Kryptick Aeternitas
0%
Kylie Dawson
0%
Lamiak-Rhian Nichols
0%
Lapis Solei
0%
Legion-Alexander LeMonte
0%
Leonard Corat
0%
Lessie Stone "Valorie"
0%
Lex Pulsar
0%
Lidia Vegas
0%
Lila-Jane Wilde
0%
Lilith Reaper
0%
Lilliana Rosedottir
0%
Lillian Krieger
0%
Lina Trench
0%
Lina Wilson
0%
Lorenzo Killigan
0%
Luca Artur
0%
Lucas Corat
0%
Lucian Morte
0%
Lucille-Lilliana LeMonte
0%
Lucretia-Alice Nichols
0%
Lukas Vanielson AU
0%
Luna Ceorce
0%
Lunalai Patel
0%
Malachi Vanielson
0%
Marcello Novotny
0%
Marigold Farrow
0%
Marina Solei
0%
Marine Southern
0%
Mary Capitt
0%
Maya Mallory
0%
Mechani Meryre
0%
Media North
0%
Melanie Trench
0%
Melody Breeze
0%
Melody Pearl
0%
Michael Arthur
0%
Mina Jennings
0%
Nadia Solei
0%
Nareta le Sonora
0%
Nate Always
0%
Neelie Haven
0%
Neptune Alvez
0%
Nereus Solei
0%
Night Umbra
0%
Nixie Solei
0%
Noah Blackwood
0%
Nolan Meryre
0%
North Farrow
0%
Nova Orion
0%
Nyctos "Helena" Obscuram
0%
Nyla (previously Amaranthia Bianchi)
0%
Obsidian Steele
0%
Ocean Solei
0%
Octavia Phoenix
0%
Oka Mitsui
0%
Oliver Montgomery
0%
Olivian Lightheart
0%
Opalus Solei
0%
Orion Enigma
0%
Orionette Rhys
0%
Paladin Farrow
0%
Pearl Solei
0%
Penelope Whelmes
0%
Persephone Jennings
0%
Phoebe Archilis
0%
Poster Smith
0%
Quinn Jennings
0%
Quiren Whelmes
0%
Radian Rhys
0%
Raphael "Ralphie" Stave
0%
Reina van Niels
0%
Renn Vaniels
0%
Rhea Stave
0%
River Solei
0%
Roman Narcissus
0%
Rosalie Trench
0%
Rosana Vanielson
0%
Rose Haven
0%
Roux Vanielson
0%
Rune Luminia
0%
Rust Ceorce (previously Lukas Vanielson)
0%
Rylan Trench
0%
Ryn Vogel
0%
Sage Albusayra
0%
Sal Reid
0%
Sam Alcott
0%
Sam Hartford
0%
Sam Reid
0%
Samuel "Scythe" Stave
0%
Sara Esther
0%
Sarcasm Gears
0%
Satanas-Matthew "Matthew" Nichols
0%
Saturn "Sam" Mercury
0%
Sebastian Myers
0%
Selene LaFontaine
0%
Seraphina Argent
0%
Serephene Spades
0%
Sienna Unas
0%
Silas Urning
0%
Silver Raye
0%
Sina Quartz
0%
Siyon Weissman
0%
Skipper Ventura
0%
Spectre Panoptis
0%
Staccato Stave
0%
Suiko Nishikawa
0%
Sylvester Johannson "Astrid Maelstrom"
0%
Symphonia Messer "Parker Robinson"
0%
Tavi Trench
0%
Taylor Quartz "Taylor Gloxinia"
0%
Taylor Sinthenaste
0%
Thea Archilis
0%
Thomas Andrews
0%
Thomas Holt
0%
Tobias Solei
0%
Tox Liones
0%
Unas Lux
0%
Urania Archilis
0%
Valen Argent
0%
Vanessa Vaniels (previously Vanessa Whelmes)
0%
Veyn Morte
0%
Victoria Ray
0%
Victory Dominus
0%
Vincent Jennings
0%
Vincent Jennings AU
0%
Viva Farrow
0%
Wolf Hartford
0%
Wraith Peacefield
0%
Wren Ailes
0%
Xien Farrow
0%
Xyria Argent
0%
Yannie Ackerman
0%
Yttridonia Meryre
0%
Zedric Argent
0%
Zephyr Sterling (previously Vic Servus)
0%
Zhyr Novak
0%
Zinnia Haven
0%
No matching quizzes found
Score Distribution
Percent of People with Each Score
Percentile by Number Answered
Your Score History
You have not taken this quiz